| 000 | 00640nam a22001937a 4500 | ||
|---|---|---|---|
| 999 |
_c196496 _d196496 |
||
| 005 | 20230705144750.0 | ||
| 010 | _aENG-137283 | ||
| 020 |
_a9788180387029 _c1295.00 |
||
| 035 | _aEN-120815 | ||
| 037 | _bDBAD/PUB | ||
| 082 | _a343.54 | ||
| 100 | _aGupta, Apar | ||
| 245 |
_aCommentary on Information Technology Act/ _cby Apar Gupta |
||
| 250 | _aSecond Edition 2011 | ||
| 260 |
_aHaryana _bLexisNexis Butterworths Wadhwa Nagpur _c2011 |
||
| 270 |
_a14th floor,building No10,Tower -B,DLF cyber city,phase-II _bGurgaon _e122002 |
||
| 300 |
_alxix,822pg _c25cm(hb) |
||
| 942 |
_2ddc _cEN _h343.54 _mGUP _eSecond Edition 2011 |
||